000 00360 a2200169 4500
001 184864
020 _a85-08-07200-7
040 _cMagnum
100 _aRocha, Ruth
240 1 0 _aUm macaco pra frente
_lpor
245 1 0 _aUm macaco pra frente
300 _a
362 0 _a2002
440 1 _aÁtica
697 _aLITERATURA INFANTO-JUVENIL
942 _cBK
999 _c184864
_d184864